| 000 | 00496nam a2200133Ia 4500 | ||
|---|---|---|---|
| 008 | 170516s9999 xx 000 0 und d | ||
| 245 | _aDynamic ultrasound imaging—A multivariate approach for the analysis and comparison of time-dependent musculoskeletal movements | ||
| 260 | _bBMC Medical Imaging | ||
| 260 | _c2012 | ||
| 300 | _a12: | ||
| 650 | _xMedical Technology | ||
| 650 | _xMedtech | ||
| 856 | _uhttp://bmcmedimaging.biomedcentral.com/articles?query=&volume=12&searchType=&tab=keyword | ||
| 999 |
_c330209 _d330209 |
||